| 000 | 00403nam a2200145 a 4500 | ||
|---|---|---|---|
| 001 | 6031 | ||
| 005 | 20180713185900.0 | ||
| 008 | 140415s1991 000 0 spa d | ||
| 041 | _aspa | ||
| 082 |
_a657.0631 _bNOR |
||
| 245 | 0 | 0 | _aNORMAS INTERNACIONALES DE CONTABILIDAD |
| 260 |
_a[s.l.] : _bINSTITUTO MEXICANO DE CONTADORES PUBLICOS, _c1991 |
||
| 300 | _a576 | ||
| 650 | 1 | 4 | _aCONTABILIDAD |
| 999 |
_c6031 _d6031 |
||